Statistics for Rock Musical Acts by Song

Click here to take the quiz!

General Stats

  • This quiz has been taken 738 times
  • The average score is 12 of 20

Answer Stats

SongsArtist% Correct
Thunderstruck, Highway to HellAC/DC
98%
Livin' On A Prayer, Lost HighwayBon Jovi
95%
November Rain, Welcome to the JungleGuns N' Roses
95%
Radio Ga Ga, We Are the ChampionsQueen
94%
Dream On, Walk This WayAerosmith
92%
Paranoid, Iron ManBlack Sabbath
85%
Smoke On The Water, Never BeforeDeep Purple
82%
Under The Bridge, Scar TissueRed Hot Chili Peppers
76%
Poison, Schools OutAlice Cooper
75%
Wasted Guitars, Pour Some Sugar On MeDef Leppard
75%
Sweet Home Alabama, Midnight RyderLynyrd Skynyrd
69%
Radioactive, I'm So SorryImagine Dragons
61%
The Boys Are Back In Town, JailbreakThin Lizzy
53%
Thnks fr th Mmrs, CenturiesFall Out Boy
47%
Last Resort, LifelinePapa Roach
39%
Love Gun, Shock MeKiss
33%
Stay, Blame It On The Boom BoomBlack Stone Cherry
8%
XIX, SkepticSlipknot
8%
Show Me A Leader, My ChampionAlter Bridge
6%
Little Girl Blue, One Good ManJanis Joplin
4%

Score Distribution

Percentile by Number Answered

Percent of People with Each Score

Your Score History

You have not taken this quiz